000 01058nam a2200289 a 4500
001 000019454
005 20260421091200.0
008 100629s2005 es c 000 0 spa d
020 _a8497647408
040 _aDO-SdBNP
_bspa
_cBNPHU
082 _a922.22
_bA675B
100 1 _aBuraya, Luis Carlos
_941774
245 1 0 _aJuana de Arco :
_bla doncella de hierro /
_cLuis Carlos Buraya ; coordinador general Felipe Sen ; coordinador de colección Mar de Ventura Fernández.
260 _aMadrid, España :
_bPerymat,
_c2005.
300 _a189 p. :
_bretrs. ;
_c22 cm.
490 1 _aMujeres en la historia
504 _aIncluye bibliografías (p. 189)
600 1 4 _aARCO, JUANA DE, SANTA,
_d1412 -1431
_xBIOGRAFÍAS
_941775
650 4 _aPersecuciones religiosas
_941776
650 0 _aHomicidio
_941777
650 0 _aTácticas políticas
_919756
650 4 _aSocialización política
_941778
700 1 _aSen, Felipe,
_ecoord.
_941707
700 1 _aVentura Fernández, Mar de,
_ecoord.
_941759
830 0 _aMujeres en la historia
_941760
049 _aBNPD
999 _c18970
_d18970